000 00893cam a2200265 4500
999 _c60271
_d60271
001 1715342
003 ARRUPE
005 20170718123737.0
008 740301s1973 mau 001 0 eng
010 _a 72013709
020 _a026207060X
040 _aDLC
_cDLC
_dDLC
041 1 _aengger
050 0 0 _aB802
_b.G5813 1973b
082 0 0 _a190/.9/033
100 1 _aGoldmann, Lucien.
_933196
240 1 0 _aChristliche Bürger und die Aufklärung.
_lEnglish
245 1 4 _aThe philosophy of the Enlightenment;
_bthe Christian burgess and the Enlightenment.
_cTranslated by Henry Maas.
260 _aCambridge, Mass.,
_bMIT Press
_c[1973]
300 _aix, 100 p.
_c23 cm.
350 _a$4.95
500 _aTranslation of Der christliche Bürger und die Aufklärung.
650 0 _aEnlightenment.
_933197
906 _a7
_bcbc
_corignew
_d2
_eocip
_f19
_gy-gencatlg
942 _2lcc
_cMONOGRAPH